| 000 | 00433nam a2200181Ia 4500 | ||
|---|---|---|---|
| 008 | 230524s9999 xx 000 0 und d | ||
| 020 | _a0195673921 | ||
| 082 |
_a621.382 _bNAG |
||
| 100 | _aT.K.Nagsarkar | ||
| 245 | 0 | _aBasic Electrical Engineering | |
| 250 | _a1ST | ||
| 260 |
_aNEW DELHI _bOxford _c2008 |
||
| 300 | _aX;627 | ||
| 500 | _aQuantity Number: 15 | ||
| 650 | _aElectrical | ||
| 700 | _a M.S.Sukhija | ||
| 942 | _cBK | ||
| 999 |
_c38882 _d38882 |
||